000 00857nam a22002057a 4500
999 _c16907
_d16907
003 AR-CdUCM
008 190506b ||||| |||| 00| 0 spa d
040 _aMUNICIPALIDAD PROVINCIAL DEL CUSCO
_cBIBLIOTECA MUNICIPAL DEL CUSCO
082 _23ed
_a869.0094 /
_bS21
100 _aSánchez, Luis Alberto
_9401
245 _aBalance y liquidación del novecientos :
_b¿tuvimos maestros en nuestra América? /
260 _aLima :
_bUniversidad Nacional Mayor de San Marcos,
_c1968.
300 _a238 páginas ;
_bRetratos,
_c21 cm.
505 _aContenido: Antesala del modernismo -- El modernismo, hecho social -- Melefico toda actitud del arte -- A falta de laureles -- Rodó, el guía...
650 _aLiteratura latinoamericana
_91143
650 _aModernismo
_9519
650 _aAmérica Latina
_91130
942 _2ddc
_cLIBROS
945 _adavv
_d06/05/2019